| 000 | 00885cad a22002175a 4500 | ||
|---|---|---|---|
| 001 | L156685 | ||
| 008 | 120625s2012 xxkqr p 0 a0eng u | ||
| 035 | _a(Sirsi) u156685 | ||
| 041 | 0 | _aeng | |
| 100 | 1 | _aTolson, Simon | |
| 110 | 2 | _aFenwick Elliott LLP | |
| 245 | 0 | 4 |
_aThe building information modelling minefield _h[electronic resource] |
| 260 |
_a[S.l.] _b[s.n.] _c2012 |
||
| 520 | _aLooks at several legal issues associated with the use of BIM and the importance of establishing at the outset whether Level 2 BIM or Level 3 BIM is being used. | ||
| 590 | _aKA NTK | ||
| 651 | 4 |
_aUnited Kingdom _y |
|
| 690 |
_aBIM _96219 |
||
| 690 |
_aContracts _96232 |
||
| 856 | 4 | 0 |
_uhttps://www.mondaq.com/x/182792/Building+Construction/The+Building+Information+Modelling+Minefield&email_access=on _zRegister here with Mondaq to view the article free of charge www.mondaq.com |
| 942 | _n0 | ||
| 999 |
_c114361 _d114361 |
||